Carregant...
Home gardening
| Autor principal: | |
|---|---|
| Format: | Printed Book |
| Idioma: | Undetermined English |
| Publicat: |
Newdelhi
I C A R
1996
|
| Matèries: |
| LEADER | 00693nam a2200193Ia 4500 | ||
|---|---|---|---|
| 008 | 140306s9999 xx 000 0 und d | ||
| 041 | |a eng | ||
| 082 | |a 635 |b PRA | ||
| 100 | |a Pratibha, Trivedi P | ||
| 245 | |a Home gardening | ||
| 260 | |a Newdelhi |b I C A R |c 1996 | ||
| 300 | |a 327 | ||
| 365 | |b 100.00 | ||
| 650 | |a gardening-home | ||
| 650 | |a Home gardening | ||
| 942 | |2 ddc |c BK | ||
| 999 | |c 66296 |d 66296 | ||
| 952 | |0 0 |1 0 |2 ddc |4 0 |6 635_000000000000000_PRA |7 0 |9 72637 |a KAUACV |b KAUACV |d 2004-05-26 |g 100.00 |o 635 PRA |p KAU_ACV-25470 |r 2014-03-22 |w 2014-03-22 |y BK | ||
| 952 | |0 0 |1 0 |2 ddc |4 0 |6 635_000000000000000_PRA |7 0 |9 72638 |a KAUACV |b KAUACV |d 2004-05-26 |g 100.00 |o 635 PRA |p KAU_ACV-27567 |r 2014-03-22 |w 2014-03-22 |y BK | ||